Visualizzazione normale
Vista MARC
- Montzel Joseph
di Personal Name
Records bibliografici associati: 1
001 - CONTROL NUMBER
- control field: 18504
003 - CONTROL NUMBER IDENTIFIER
- control field: IT-RoPau
005 - DATE AND TIME OF LATEST TRANSACTION
- control field: 20140404151740.0
008 - FIXED-LENGTH DATA ELEMENTS
- fixed length control field: 140404|| aca||aabn | a|a d
040 ## - CATALOGING SOURCE
- Original cataloging agency: IT-RoPau
- Transcribing agency: IT-RoPau
100 ## - HEADING--PERSONAL NAME
- Personal name: Montzel Joseph
670 ## - SOURCE DATA FOUND
- Source citation: Work cat.: (IT-RoPau)98878: Montzel Joseph, Piano show-Elaborazione e realizzazione di Joseph Monzel